000 01155cam a2200325 i 4500
001 3171
003 Mx-PuUPA
005 20250623125710.0
008 140415s2016 nyua dr 000 0 eng d
020 _a9780553513127
_qrústica
040 _aMx-PuUPA
_bspa
_cMx-PuUPA
_dMx-PuUPA
_erda
041 0 _aeng
100 1 _aDashner, James,
_d1972-
_eautor
_915261
245 1 0 _aThe fever code /
_cJames Dashner
250 _aFirst Ember edition
264 1 _aNew York, NY :
_bDelacorte Press,
_c2017
300 _a346 páginas, 32 páginas sin numerar :
_bilustraciones ;
_c21 cm.
336 _2rdacontent
_atexto
_btxt
337 _2rdamedia
_asin medio
_bn
338 _2rdacarrier
_avolumen
_bnc
490 0 _aThe Maze Runner Series ;
_vbk.5
650 7 _2armarc
_aDesastres naturales
_xNovela
650 7 _2armarc
_aSupervivencia
_xNovela
650 7 _2armarc
_aLaberintos
_xNovela
650 7 _2armarc
_aCiencia ficción
780 0 _iInicia en:
_aDashner, James, 1972-
_tThe maze runner.
_dNew York, NY : Delacorte Press, 2009
_w(Mx-PuUPA)57496
_z9780385737951
942 _2ddc
_cLI
_h813
_iD22
999 _c3171
_d3171